The spiderwick chronicles 4 : (Record no. 7054)

MARC details
000 -LEADER
fixed length control field 00720nam a22001817a 4500
003 - CONTROL NUMBER IDENTIFIER
control field OSt
005 - DATE AND TIME OF LATEST TRANSACTION
control field 20251212010548.0
008 - FIXED-LENGTH DATA ELEMENTS--GENERAL INFORMATION
fixed length control field 251212b |||||||| |||| 00| 0 eng d
020 ## - INTERNATIONAL STANDARD BOOK NUMBER
International Standard Book Number 978-0-689-85939-7
040 ## - CATALOGING SOURCE
Original cataloging agency DWCL - Main Lib
Transcribing agency OC
082 ## - DEWEY DECIMAL CLASSIFICATION NUMBER
Classification number Fic. D615s 2004
100 ## - MAIN ENTRY--PERSONAL NAME
Personal name Diterlizzi, Tony and Holly, Black
245 ## - TITLE STATEMENT
Title The spiderwick chronicles 4 :
Remainder of title the ironwood tree /
Statement of responsibility, etc. Tony Diterlizzi and Black Holly
260 ## - PUBLICATION, DISTRIBUTION, ETC.
Place of publication, distribution, etc. New York:
Name of publisher, distributor, etc. Simon and Schuster books for young readers,
Date of publication, distribution, etc. c2004.
300 ## - PHYSICAL DESCRIPTION
Extent 111 p.:
Other physical details ill.;
Dimensions 18 cm.
520 ## - SUMMARY, ETC.
Expansion of summary note After Mallory is kidnapped at her fencing meet, Jared and Simon search for her near an old quarry and find themselves amidst dwarves and goblins.
942 ## - ADDED ENTRY ELEMENTS (KOHA)
Source of classification or shelving scheme Dewey Decimal Classification
Koha item type Fiction
Call number suffix Fic.
Suppress in OPAC No
952 ## - LOCATION AND ITEM INFORMATION (KOHA)
--
Holdings
Withdrawn status Lost status Source of classification or shelving scheme Damaged status Not for loan Home library Current library Shelving location Source of acquisition Total Checkouts Full call number Barcode Date last seen Copy number Price effective from Koha item type Uniform Resource Identifier
    Dewey Decimal Classification     Junior High School Library Junior High School Library Fiction Library Fund   Fic. D615s 2004 JHS - 16069 12/12/2025 c1 12/12/2025 FIC.